000 007100000a22002770004500
003 LK-CoMWRAF
008 230817t ||||| |||| 00| 0 eng d
020 _a955907802X
040 _aLK-CoMWRAF
_dLK-CoMWRAF
_eLK-CoMWRAF
041 _aeng
082 _a330
_bWOM
100 _aSamuel, Kumudini
245 _aWomen's rights Watch year report 1999
_b
260 _aColombo
_bWomen and Media Collective
_c1999
300 _ap.62
650 _aabortion
650 _aarmed conflict
650 _adomestic violence
650 _amigrant women workers
650 _arape
650 _asexual harassment
650 _aSinhala
650 _aviolence against women
650 _awomen-SL
942 _cBK
999 _c3119
_d3119